<?xml version="1.0" encoding="UTF-8"?>
<marc:record xmlns:marc="http://www.loc.gov/MARC21/slim">
   <marc:leader>00000nam a2200000 a 4500</marc:leader>
   <marc:datafield ind1="1" ind2=" " tag="100">
      <marc:subfield code="a">Reschke, Katharina</marc:subfield>
      <marc:subfield code="4">aut</marc:subfield>
      <marc:subfield code="e">Verfasser/-in</marc:subfield>
   </marc:datafield>
   <marc:datafield ind1="0" ind2="0" tag="245">
      <marc:subfield code="a">Roxy Sauerteig</marc:subfield>
   </marc:datafield>
   <marc:datafield ind1="0" ind2="0" tag="245">
      <marc:subfield code="c">Katharina Reschke. Mit Ill. von Susanne Göhlich</marc:subfield>
   </marc:datafield>
   <marc:datafield ind1=" " ind2="1" tag="264">
      <marc:subfield code="a">Köln</marc:subfield>
      <marc:subfield code="b">Baumhaus</marc:subfield>
      <marc:subfield code="c">2012</marc:subfield>
   </marc:datafield>
   <marc:datafield ind1="1" ind2=" " tag="520">
      <marc:subfield code="a">Angaben aus der Verlagsmeldung

Roxy Sauerteig : Das 4. Obergeheimnis links / von Katharina Reschke

Roxy Sauerteig liebt Überraschungen und kribbelige Abenteuer. Und seit sie mit ihrer Mutter in das kanarienvogelgelbe Haus mit der delfinblauen Tür gezogen ist, klebt das Abenteuer geradezu in der Luft. Ein Stockwerk tiefer soll ein
merkwürdiger Sammler leben, um den alle einen großen Bogen machen - alle, außer Roxy. In seiner Wohnung findet sie Berge von seltsamen Dingen, durch die nur ein schmaler Dschungelpfad führt. Keine Frage: Dieser Herr Grindelmann kann nur ein
ganz großer Abenteurer sein. Roxy beschließt, ab sofort seine Assistentin zu werden - ob er will oder nicht.
</marc:subfield>
   </marc:datafield>
   <marc:datafield ind1=" " ind2=" " tag="020">
      <marc:subfield code="a">9783833901607</marc:subfield>
      <marc:subfield code="9">9783833901607</marc:subfield>
   </marc:datafield>
   <marc:datafield ind1=" " ind2=" " tag="020">
      <marc:subfield code="a">3833901608</marc:subfield>
      <marc:subfield code="9">3833901608</marc:subfield>
   </marc:datafield>
   <marc:datafield ind1=" " ind2=" " tag="300">
      <marc:subfield code="a">219 S.</marc:subfield>
   </marc:datafield>
</marc:record>
